Southville International School and Colleges
Your cart is empty.
  • Cart
  • Lists
    Public lists Eva Luna New books Lux_list list_1
    Your lists Log in to create your own lists
  • Log in to your account
  • Your cookies
  • Search history
Southville International School and Colleges
  • Advanced search
  • Recent comments
  • Most popular
  • Libraries

Log in to your account

Log in with GOOGLE


If you do not have an external account, but do have a local account, you can still log in:

  1. Home
  2. MARC view: Professional development:
Normal view MARC view ISBD view

Professional development: (Record no. 367450)

[ view plain ]
MARC details
000 -LEADER
fixed length control field 00726nam a22002297a 4500
003 - CONTROL NUMBER IDENTIFIER
control field 0
005 - DATE AND TIME OF LATEST TRANSACTION
control field 20250506125316.0
008 - FIXED-LENGTH DATA ELEMENTS--GENERAL INFORMATION
fixed length control field 250506b xxu||||| |||| 00| 0 eng d
020 ## - INTERNATIONAL STANDARD BOOK NUMBER
International Standard Book Number 9789719655275
050 ## - LIBRARY OF CONGRESS CALL NUMBER
Classification number HF 5381
Item number .M188 2023
100 ## - MAIN ENTRY--PERSONAL NAME
Personal name Magalona, Ethel
245 ## - TITLE STATEMENT
Title Professional development:
Remainder of title a guide to career success
Statement of responsibility, etc Ethel Magalona and two others.
260 ## - PUBLICATION, DISTRIBUTION, ETC. (IMPRINT)
Place of publication, distribution, etc Manila
Name of publisher, distributor, etc Mindshapers Co. Inc.
Date of publication, distribution, etc c2023
300 ## - PHYSICAL DESCRIPTION
Extent viii, 192 pages ;
Dimensions 26cm.
504 ## - BIBLIOGRAPHY, ETC. NOTE
Bibliography, etc Includes bibliographical references.
650 ## - SUBJECT ADDED ENTRY--TOPICAL TERM
Topical term or geographic name as entry element Career development.
650 ## - SUBJECT ADDED ENTRY--TOPICAL TERM
Topical term or geographic name as entry element Vocational guidance.
650 ## - SUBJECT ADDED ENTRY--TOPICAL TERM
Topical term or geographic name as entry element Professional education--Philippines.
700 ## - ADDED ENTRY--PERSONAL NAME
Personal name Arlos, Aisa
Relator term author
700 ## - ADDED ENTRY--PERSONAL NAME
Personal name Cruz, Regina Elline
942 ## - ADDED ENTRY ELEMENTS (KOHA)
Source of classification or shelving scheme Library of Congress Classification
Koha item type Books
Holdings
Withdrawn status Lost status Source of classification or shelving scheme Damaged status Home library Current library Shelving location Date acquired Source of acquisition Sub Shelving location Total Checkouts Full call number Barcode Date last seen Price effective from Koha item type
    Library of Congress Classification   College Library College Library Filipiniana Section 05/06/2025 Library Fund     HF 5381 .M188 2023 C24594 05/06/2025 05/06/2025 Books
    Library of Congress Classification   College Library College Library Filipiniana Section 05/06/2025 Library Fund     HF 5381 .M188 2023 C24593 05/06/2025 05/06/2025 Books
    Library of Congress Classification   College Library College Library Filipiniana Section 05/06/2025 Library Fund     HF 5381 .M188 2023 C24592 05/06/2025 05/06/2025 Books

Professional development:

APA

Magalona E., Arlos A. & Cruz R. E. (2023). Professional development. Manila: Mindshapers Co. Inc.

Chicago

Magalona Ethel, Arlos Aisa and Cruz Regina Elline. 2023. Professional development. Manila: Mindshapers Co. Inc.

Harvard

Magalona E., Arlos A. and Cruz R. E. (2023). Professional development. Manila: Mindshapers Co. Inc.

MLA

Magalona Ethel, Arlos Aisa and Cruz Regina Elline. Professional development. Manila: Mindshapers Co. Inc. 2023.

  • Place hold
  • Print
  • Cite
  • Add to your cart (remove)
  • Save record
    BIBTEX Dublin Core MARCXML MARC (non-Unicode/MARC-8) MARC (Unicode/UTF-8) MARC (Unicode/UTF-8, Standard) MODS (XML) RIS
  • More searches
    Search for this title in:
    Other Libraries (WorldCat) Other Databases (Google Scholar) Online Stores (Bookfinder.com) Open Library (openlibrary.org)

Exporting to Dublin Core...

SOUTHVILLE LIBRARY

Southville International School and Colleges Library

1281 Tropical Ave. Cor. Luxembourg St., BF Homes International, Las Pinas City

Tel. No. 8256374 / 252358 Loc. 117/146

Powered by Koha